15 Largest Cities in Albania🇦🇱 - Statistics

General Stats
  • This quiz has been taken 102 times
  • The average score is 9 of 15
Answer Stats
Population City % Correct
374k Tirana
100%
122k Durres
92%
88k Shkoder
80%
100k Elbasan
78%
89k Vlore
78%
56k Fier
67%
46k Berat
65%
58k Korce
62%
23k Gjirokaster
60%
60k Fier-Cifci
53%
61k Pogradec
40%
41k Lushnje
38%
29k Kavaje
27%
60k Patos
10%
24k Lac
7%
No matching quizzes found
Score Distribution
Percent of People with Each Score
Percentile by Number Answered
Your Score History
You have not taken this quiz